000 00504nam a2200181Ia 4500
008 240925s9999 xx 000 0 und d
020 _a8131707571
082 _a005.437 HAR
100 _aHart ,Johnson M.
245 0 _aWindows System Programming
250 _a3rd
260 _aNew Delhi:
_bPearson Printice Hall
_c,2007.
300 _axviii,475p.
_bNA
_fPhotocopy
500 _aIncludes Index
600 _aComputer Science
650 _aComputer science, information & general works
942 _cBK
999 _c9816
_d9816